1593 1577 1881 1330 1291 1896 1573 1225 1950 1188 1291 1693 1791 1520 1154 1155 1187 1658 1094 1118 1627 1741 1881 1948 1224 1436 1823 1509 1724 1169 1397 1626 1056 1653 1271 1536 1786 1097 1243 1498 1180 1983 1062 1615 1521 1665 1109 1502 1574 1317 1926 1743 1130 1379 1886 1841 1811 1069 1314 1661 1470 1753 1617 1746 1409 1036 1916 1046 1620 1419 1302 1572 1082 1988 1325 1231 1974 1374 1239 1782 1182 1983 1598 1144 1455 1723 1823 1872 1936 1301 1507 1056 1517 1071 1551 1404 1672 1831 1416 BCNSPRNW ULIB Ver.6.0+V

เปลี่ยนเป็นภาษาไทย

Change to English
 แสดงรายละเอียดบรรณานุกรม
  กลับหน้าหลัก

Brief Record : Get Marc (ISO 2709) : E-mail record : QR code < ปิดหน้าต่าง
LEADER : 00000nam 2200000uu 4500
001    13399126592
003     ULIB
008    190118s||||||||th 000 0 tha d
020 ^9 ^a786164411487
050  0 ^aBF658.4092ส248ศ
100 0^ ^aสมชาติ กิจยรรยง
245 10 ^aศาสตร์และศิลป์ของผู้นำที่ครองใจคน/ สมชาติ กิจยรรยง
300 ^2 ^a270 หน้า ;21 ซม.
650 ^4 ^aผู้นำ
650 ^7 ^aภาวะผู้นำ
945    ^p199^l0^i004787
999    ^aประนอม เกษจรัล
รายการนี้ยังไม่มีแท็ก
คุณยังไม่ได้ล็อกอิน คุณสามารถมีกิจกรรมร่วมกับเว็บไซต์ได้ แต่ต้องล็อกอินก่อน ::
  ล็อกอิน

รายการสื่อสารสนเทศ

ลำดับที่ ประเภท เลขเรียก/บาร์โค้ด สถานที่ สถานะ
1. การศึกษาทั่วไป
การศึกษาทั่วไป
BF658.4092ส248ศ ฉ.1 
  Barcode: 004787
ห้องสมุดวิทยาเขตสวรรค์ประชารักษ์
►หนังสือทั่วไป
บนชั้น

รายการใกล้เคียง
    ชื่อเรื่อง [ศาสตร์และศิลป์ของผู้นำที่ครองใจคน/ สมชาติ กิจยรรยง]

    ผู้แต่ง [สมชาติ กิจยรรยง]

    หัวเรื่อง [ผู้นำ]
    หัวเรื่อง [ภาวะผู้นำ]

BibComment


ยังไม่เคยถูกคอมเมนท์

คอมเมนท์ทรัพยากรรายการนี้
  คอมเมนท์: ศาสตร์และศิลป์ขอ..


 Copyright 2026. Bcnsprnw @Library